00722nam a2200205Ia 4500001002200000003000900022008004100031040002300072041001300095100004500108240002100153245003000174250001500204260002600219300001900245501012400264520006800388700003700456700002300493937-SVE ga vi (10536)IT-MiSPE171229s9999||||xx |||||||||||||| ||und|| aIT-MiSPEcIT-MiSPE aITALIANO aGaio Svetonio Tranquillo (Caio Svetonio) aDe vita Caesarum 0aLe vite dei dodici Cesari a1a ed. (v) aMilanobRusconic1974 a553 p. c22 cm aEdizioni San Paolo srl - Piazza Soncino, 5 - 20092 CINISELLO BALSAMO (MI) (non commercial uses only) ® Copyright 2018 aAlessandro Cutolo (intr.), Federico Roncoroni (intr. st.). Tav. aAlessandro Cutolo g(traduzione) aFederico Roncoroni